000 01023nam a2200241Ia 4500
003 OSt
005 20220923214027.0
006 a|||||r|||| 00| 0
007 ta
008 220922b |||||||| |||| 00| 0 hin d
024 _a166,570
037 _cTextual
040 _aARTS
_cARTS
_bhin
041 _2hin
_ahin
082 _aO152,1N07:g, K8
100 _aगुप्त, रमेशचन्द्र, संपा.
245 0 _aमहवपेउ का काव्य वैभव
_b श्रीमती महादेवी वर्मा के काव्य-सौन्दर्य की सर्वांगीण समीक्षा
246 _ahinavapeu kā kāvya vaibhava: shrīmatī hinādevī varmā ke kāvya-saundarya kī sarvāangīṇ samīkṣhā
260 _c1968
650 _aहिन्दी साहित्य
_9156264
942 _hO152,1N07:g, K8
_cTEXL
_2CC
999 _c321049
_d321049